The Speckled Band and Other Stories

Bibliographic Details
Main Author: Heinemann
Format: Book
Language:English
Published: London : Heinemann , 1992
Subjects:

MARC

LEADER 00000cam a2200000 7i4500
001 0000059755
005 20120430.0
008 120418 eng
020 |a 0435272446 
090 0 0 |a JF SER 
100 1 |a Heinemann 
245 1 4 |a The Speckled Band and Other Stories   |c Heinemann 
260 |a London :   |b Heinemann ,   |c 1992 
300 |a 79p. :   |b ill. ;   |c 20cm. 
650 0 0 |a Junior Fiction, English 
999 |a 0000000407   |b Buku   |c Koleksi Pinjaman Kanak-Kanak   |e Perbadanan Perpustakaan Awam Melaka 
999 |a 0000123180   |b Buku   |c Junior Fiction   |e Perpustakaan Cawangan Masjid Tanah 
999 |a 0000335847   |b Buku   |c Koleksi Pinjaman Kanak-Kanak   |e Perbadanan Perpustakaan Awam Melaka 
999 |a 36882   |b Buku   |c Koleksi Pinjaman Kanak-Kanak   |e Perpustakaan Cawangan Jasin 
999 |a 9690   |b Buku   |c Koleksi Pinjaman Kanak-Kanak   |e Perbadanan Perpustakaan Awam Melaka